| 000 | 00903cam a22002771 4500 | ||
|---|---|---|---|
| 001 | sa 68005431 | ||
| 003 | DLC | ||
| 005 | 20260227112509.0 | ||
| 008 | 710915s1968 ii ab b 00010 eng | ||
| 010 | _asa 68005431 //r953 | ||
| 025 | _aPL480:I-E-9922 | ||
| 040 |
_aDLC _cDLC _dDLC |
||
| 043 | _aa-ii--- | ||
| 050 | 0 | 0 |
_aQK962.I5 _bP35 |
| 082 | 0 | 0 | _a581.5/072/054 |
| 100 | 1 | 0 |
_aPandeya, S. C. _q(Satish Chandra), _d1929- |
| 245 | 1 | 0 |
_aResearch methods in plant ecology _c[by] S. C. Pandeya, G. S. Puri and J. S. Singh. |
| 260 | 0 |
_aBombay, _aNew York, _bAsia Pub. House _c[1968] |
|
| 300 |
_ax, 272 p. _billus., maps (part fold.) _c24 cm. |
||
| 350 | _aRs30 | ||
| 504 | _aBibliography: p. [253]-259. | ||
| 650 | 0 |
_aPlant ecology _zIndia. |
|
| 650 | 0 |
_aPlant ecology _xResearch _zIndia. |
|
| 700 | 1 | 0 |
_aPuri, Gopal Singh, _d1915- _ejoint author. |
| 700 | 1 | 0 |
_aSingh, Jamuna Sharan, _d1941- _ejoint author. |
| 999 |
_c80736 _d80736 |
||